| 000 | 01151nam a2200217Ia 4500 | ||
|---|---|---|---|
| 003 | Ost | ||
| 005 | 20260507075127.0 | ||
| 008 | 260507s9999||||xx |||||||||||||| ||und|| | ||
| 020 | _a4574119957 | ||
| 040 | _cfsecg | ||
| 041 | _aara | ||
| 082 | _a330 | ||
| 100 |
_aبرنوطي، سعاد نايف _eمؤلف |
||
| 245 | 0 |
_aإدارة الأعمال الصغيرة : _bأبعاد للريادة / _c سعاد نايف برنوطي |
|
| 260 |
_aعمان: _bدار وائل, _c2005 |
||
| 300 |
_a438 صفحة؛ _bإيضاحات ؛ _c24 سم |
||
| 520 | _aالعمل الصغير-أهمية الأعمال الصغيرة-خصوصيات العمل الصغير-الأشكال القانونية لملكية الأعمال الصغيرة-وظائف المدير-وظائف التسويق-وظيفة العمليات والإنتاج-إدارة الموارد المالية-وظيفة العمليات والإنتاج-وظيفة التسويق-إدارة الموارد المالية والشؤون المحاسبية-وظائف المدير | ||
| 653 | _aإدارة الأعمال | ||
| 653 | _aالشركات الصغيرة | ||
| 942 | _cكتاب | ||
| 999 |
_c43156 _d43156 |
||